| 000 | 00638nam a2200253Ia 4500 | ||
|---|---|---|---|
| 001 | 21299 | ||
| 003 | GE_BSU | ||
| 008 | 181216s||||||||xx |||||||||||||| ||und|| | ||
| 020 | _a9781455727940 | ||
| 040 | _cGE_BSU | ||
| 080 | _a612.6 | ||
| 100 | _aCarlson,M. Bruse | ||
| 245 | _aHuman Embryology and Developmental biology | ||
| 250 | _aFifth edition | ||
| 260 | _aPhiladelfia | ||
| 260 | _bElsevier | ||
| 260 | _c2014 | ||
| 300 | _a506p. 27cm. | ||
| 541 | _h132 Gel. | ||
| 653 | _aHuman Embryology and Developmental biology | ||
| 653 | _aბიოლოგია | ||
| 653 | _aემბრიოლოგია | ||
| 942 | _cBK | ||
| 999 |
_c54243 _d54243 |
||